000 01086nam a2200253 i 4500
001 bg
100 1 _aSZYBKA, Jan
245 1 0 _aPrognozowanie niezawodności urządzeń mechanicznych funkcjonujących w układach z rezerwą /
_cJan Szybka.
246 1 1 _aForecasting of reliability of machine groups working in back-up system
260 _aKraków :
_bWydawnictwa AGH,
_c1996.
300 _a108 s. :
_brys., wykr. ;
_c24 cm.
490 1 _aRozprawy, Monografie / [Akademia Górniczo-Hutnicza im. S. Staszica] =
_aDissertations, Monographies,
_x0867-6631 ;
_v34
500 _aTyt. równol. : Forecasting of reliability of machine groups working in back-up system.
504 _aBibliogr. s. 79-87. - Summ.
650 9 _aMaszyny
_xeksploatacja
_xzagadnienia
650 9 _aNiezawodność urządzeń
_xzagadnienia
650 9 _aSymulacja
_xstosowanie
_xtechnika
830 0 _aRozprawy, Monografie ([Akademia Górniczo-Hutnicza im. S. Staszica]) ;
_v34
040 _cBPK
041 0 _apl
_ben
080 _a62-1/-8.004:519.87
942 _cKS
008 s pl f |000 0 pol
999 _c31485
_d31485
856 _uhttp://koha.tu.koszalin.pl/cgi-bin/koha/opac-detail.pl?biblionumber=31485
_yKatalog online BPK